000 00317nam a22001457a 4500
008 230406b ||||| |||| 00| 0 eng d
020 _a9780814473221
041 _aeng
080 _a33
082 _a33JEN
100 _a24
101 _aBIZNES
245 _aA STORY OF BUSINESS
_cJENNINGS .M.M
942 _2udc
_cBK
999 _c59508
_d59508